00827nam a22002177a 4500003000200000005001700002008004100019037001900060040001700079082001500096100003300111245010700144260002800251300001700279500005500296650003800351700004100389942000800430999001700438952015400455020160609165258.0100113t xxu||||| |||| 00| 0 eng d aM15455bBIBLIO aUACbFcEPAC a26.ABM/ASS aGhislain S. K. ASSOGBA92811 aTyplologie pelvienne en post -partum chez les césatisées à l'aide du materiel de colcher-sussman aEPACbBIBLIOc2006-2007 aI-101pc29cm aMEM ECOLE POLYTECHNIQUE D'ABOMEY CALAVI (UAC) 2007 aCESATISEES COLCHER-SUSSMAN 92812 aBenoît Vidjennagni A. TCHEME92813 cTHE c46722d46722 00104070aBEPACbBEPACd2010-01-13eDonl0o26.ABM/ASSpM15455 EPACr2010-01-13 00:00:00t3w2010-01-13yTHEz3 Exemplaires dont un exclu du prêt